| 000 | 00586cam a2200229ua 4500 | ||
|---|---|---|---|
| 020 |
_a0 85226 917 X _c175.00 |
||
| 041 |
_aeng _h |
||
| 082 |
_a658.4034 _bSHE/OP |
||
| 100 | _aShenoy, G V . | ||
| 245 |
_aOperations research for management / _cG V Shenoy. _hTextual Documents |
||
| 250 |
_a2 / _b. |
||
| 260 |
_aNew Delhi : _bWiley Eastern Ltd , _c1991. |
||
| 300 | _a398 ; . | ||
| 365 | _a175.00 | ||
| 504 | _a | ||
| 700 | 1 | _aSharma, S.C. | |
| 700 | 1 | _aSrivastava, U K . | |
| 942 | _cBK | ||
| 999 |
_c11109 _d11109 |
||